00488nam a2200109Ia 4500008004100000050002400041100003200065245016300097260008600260300002000346521001200366140724s9999 xx 000 0 und d aHF 5549b.M314 2010 aMarcelino, Kimberly Anne S. aFactors affecting the level of job satisfaction of call center representative of HSBC (Electronic Data Processing) incorporated /cKimberly Anne S. Marcelino. aLas Piñas, Philippines :bSouthville International School and Colleges,cc2010. a48 p. :c28 cm. aNursing